00787cam a2200265 a 450000100090000000300050000900500170001400800410003101000170007202000150008902500230010403500210012704000130014804200100016104300120017105000240018308200170020724500530022424600240027726000470030130000300034850000680037850400410044665100340048712518194NUST20180116120819.0010522r18832001pk 000 0 eng  a 2001310274 a9693511158 aP-E-2001310274; 09 a(DLC) 200131027 aDLCcDLC alcode aa-ii---00aDS485.H67bG39 2001 a954.552bGAZ00aGazetteer of the Hoshiarpur district :b1883-84.30aHoshiarpur district aLahore :bSang-e-Meel Publications,c2001. av, 159, xxiv p. ;c25 cm. aOriginally published: Lahore : Civil and Military Gazette Press aIncludes bibliographical references. 0aHoshiarpur (India : District)